00516nam a2200157Ia 4500003000900000008004100009040001600050080002300066100001400089245011100103260004600214300001600260650004100276650001800317650002300335IN-BaIIA211028s9999 xx 000 0 eng d cIIA Library a084.4:524.383bBEC aBecvar, A 0aAtlas coeli skalnate pleso ii, katalog 1950.0cA. Becvar  aPrahabPrirodovedecke Vydavatelstvic1951 axiii, 286p. aAstronomy and astrophysics thesaurus aAtlas - stars aBinary stars atlas